Music Quiz

Random Music or Lyrics Quiz

'Call Me Maybe' Lyrics Quiz Stats

 Plays Quiz Updated Jun 26, 2018

Challenge
Share
Tweet
Embed
Score 0/231 Timer 08:00
2 Plays Today
% Correct
[Chorus 1 + 2]
100%
[Chorus]
99.9%
me
99.3%
me,
99.3%
me,
99.3%
me,
99.3%
me
99.3%
me,
99.3%
me
99.3%
me,
99.3%
I
99.1%
I
99.1%
I
99.1%
I
99.1%
I
99.1%
I
99.1%
I
99.1%
I
99.1%
I
99.1%
I
99.1%
I
99.1%
I
99.1%
I
99.1%
you
97.6%
you
97.6%
you,
97.6%
you,
97.6%
you,
97.6%
You
97.6%
You
97.6%
you
97.6%
you
97.6%
you
97.6%
you
97.6%
you
97.6%
you
97.6%
you
97.6%
call
97.6%
call
97.6%
call
97.6%
call
97.6%
call.
97.6%
call
97.6%
maybe?
96.8%
maybe?
96.8%
maybe?
96.8%
maybe?
96.8%
maybe?
96.8%
a
96.7%
a
96.7%
a
96.7%
my
95.8%
my
95.8%
my
95.8%
my
95.8%
my
95.8%
my
95.8%
my
95.8%
my
95.8%
my
95.8%
my
95.8%
my
95.8%
so
95.1%
so
95.1%
so
95.1%
so
95.1%
so
95.1%
so
95.1%
so,
95.1%
so
95.1%
So
95.1%
so
95.1%
and
94.1%
and
94.1%
and
94.1%
and
94.1%
And
94.1%
% Correct
and
94.1%
and
94.1%
and
94.1%
and
94.1%
number,
92.7%
number,
92.7%
number,
92.7%
number,
92.7%
here's
91.9%
here's
91.9%
here's
91.9%
here's
91.9%
this
91.2%
this
91.2%
this
91.2%
just
90.8%
just
90.8%
the
90.8%
the
90.8%
the
90.8%
the
90.8%
is
90.7%
is
90.7%
crazy,
90.4%
crazy,
90.4%
but
89.2%
but
89.2%
but
89.2%
but
89.2%
but
89.2%
but
89.2%
but
89.2%
in
89.1%
in
89.1%
in
89.1%
in
89.1%
in
89.1%
met
88.6%
met
88.6%
to
88.3%
to
88.3%
to
88.3%
Hey,
86.7%
Hey,
86.7%
Your
79.7%
your
79.7%
look
79.4%
wish
78.3%
wish,
78.3%
well.
78.3%
it
78%
it
78%
baby?
77.2%
baby,
77.2%
no
77.1%
way.
77.1%
way.
77.1%
way.
77.1%
way.
77.1%
tell.
76.9%
you're
76.3%
you're
76.3%
you're
76.3%
you're
76.3%
Don't
75.7%
never
75.6%
was
75.5%
was
75.5%
was
75.5%
as
75.3%
threw
74.4%
I'll
74.1%
now
74%
now
74%
at
73.8%
at
73.8%
ask
72.4%
% Correct
all
70.3%
all,
70.3%
Where
69.3%
for
68.9%
for
68.9%
for
68.9%
think
68.2%
skin
67.8%
showin'
67.6%
going,
67.2%
jeans
66.9%
boys,
65.7%
ripped
65.7%
It's
65.3%
it's
65.3%
it's
65.3%
fell,
65.1%
other
64.6%
kiss.
64.2%
try
64%
looked
63.8%
right
63.4%
hard
63.2%
Hot
63.1%
night
61.9%
chase
61.5%
blowin'
61.3%
wind
60.8%
pennies
58.6%
bad.
58.2%
bad.
58.2%
bad. [Repeat]
58.2%
bad,
58.2%
dimes
58.1%
know
56%
know
55.9%
time
55.4%
time
55.4%
life
54.8%
life,
54.8%
took
54.1%
took
54.1%
came
53.4%
came
53.4%
with
53.1%
with
53.1%
missed
52.6%
missed
52.6%
missed
52.6%
missed
52.6%
into
52.5%
into
52.5%
At
52%
looking
51.7%
wasn't
51.6%
fall.
50.8%
soul
50.7%
stare
50.7%
trade
50.6%
holdin'
49.6%
that,
47%
Before
45.5%
Before
45.5%
nothing
44.1%
I'd
43.7%
gave
43.1%
should
42.3%
still
41%
beg
40%
steal.
39.8%
borrow
39.5%
real.
38.5%
sight
35.1%
feel
34.9%
didn't
33.9%
would
33.2%
first
26.3%

You're not logged in!

Compare scores with friends on all Sporcle quizzes.
OR
Log In

You Might Also Like...

Show Comments

Extras

Top Quizzes Today


Score Distribution

Your Account Isn't Verified!

In order to create a playlist on Sporcle, you need to verify the email address you used during registration. Go to your Sporcle Settings to finish the process.

Report this User

Report this user for behavior that violates our Community Guidelines.

Details: